Report on the revision of raw rubber prices Bombay, 1960 (Record no. 43702)

MARC details
000 -LEADER
fixed length control field 00354nam a2200121Ia 4500
082 ## - DEWEY DECIMAL CLASSIFICATION NUMBER
Classification number NR:336(04)1960
Item number IND
245 #0 - TITLE STATEMENT
Title Report on the revision of raw rubber prices Bombay, 1960
260 ## - PUBLICATION, DISTRIBUTION, ETC. (IMPRINT)
Place of publication New Delhi
Name of publisher Manager of Publications
650 ## - SUBJECT ADDED ENTRY--TOPICAL TERM
Topical Term Raw rubber price
650 ## - SUBJECT ADDED ENTRY--TOPICAL TERM
Topical Term Tariff Commission
942 ## - ADDED ENTRY ELEMENTS (KOHA)
Koha item type Books
Holdings
Withdrawn status Lost status Damaged status Not for loan Home library Current library Date acquired Source of acquisition Full call number Accession Number Koha item type
        RRII Library RRII Library 16/12/2021 Gift NR:336(04)1960 IND G00453 Books